000
00320nam a2200121Ia 4500
008
220204s9999 xx 000 0 und d
020
_a
0824706935
082
_a
632.937
_b
GNA
100
_a
Gnanamanickam, Samuel S
245
0
_a
Biological contol of crop diseases
260
_a
New York
_b
Marcel Dekker
_c
2002
942
_c
BK
999
_c
42255
_d
42255